000 00404nam a22001697a 4500
005 20160628124456.0
008 160628b xxu||||| |||| 00| 0 eng d
020 _a0-240-51639-7
041 _aeng
082 _b10775
100 _aQuinn, Stephen
_93043
245 _aDigital Sub-editing & Design
260 _bFascal Press
_c2002
300 _a175
650 _aMass Communication
_92660
942 _cBK
999 _c4415
_d4414